000 004270000a22001810004500
999 _c48495
_d48495
001 1326
003 CO-MdFUSB
005 20180301180756.0
008 180301b xxu||||| |||| 00| 0 eng d
020 _a958-04-0475-5
040 _cCO-MdBIC
082 0 4 _a505 V66cap
110 1 _aVictorama Ltda.
245 1 0 _aCosas y casos de los animales prehistóricos
260 _aBogotá : Norma
300 _a32 Pag.
942 _cLGB